Normal view
MARC view
- Lee, Kun Sang
Entry Personal Name
001 - CONTROL NUMBER
- control field: 114651
003 - CONTROL NUMBER IDENTIFIER
- control field: NUST
005 - DATE AND TIME OF LATEST TRANSACTION
- control field: 20230912164946.0
008 - FIXED-LENGTH DATA ELEMENTS
- fixed length control field: 230912|| aca||aabn | a|a d
040 ## - CATALOGING SOURCE
- Original cataloging agency: NUST
- Transcribing agency: NUST
100 ## - HEADING--PERSONAL NAME
- Personal name: Lee, Kun Sang
670 ## - SOURCE DATA FOUND
- Source citation: Work cat.: (NUST): Lee, Kun Sang, Underground thermal energy storage /, 2013
